Statistiques concernant Prénoms célèbres

Cliquez ici pour prendre le quiz!

Statistiques générales

  • Ce quiz a été pris 1 065 fois
  • Le résultat moyen est 16 sur 18

Statistiques - réponses

PrénomNoms de famille% Correct
FrançoisMitterrand, Rabelais, Hollande
98%
DavidGuetta, Desrosiers, Bowie
96%
JacquesAnquetil, Chirac, Derrida
96%
NicolasSarkozy, Anelka, Maduro
96%
VanessaParadis, Williams, Redgrave
95%
JustinTrudeau, Bieber, Timberlake
94%
VincentCassel, van Gogh, Lecavalier
94%
CharlesBaudelaire, Berling, de Gaulle
93%
GustaveFlaubert, Eiffel, Moreau
93%
BrigitteMacron, Bardot, Nielsen
90%
CatherineDeneuve, Zeta-Jones, Breillat
90%
JeanCocteau, Reno, Genet
90%
ChristopheColomb, Lemaitre, Moreau, Barre
89%
VictorHugo, Segalen, Koulbak
89%
PaulGauguin, Anka, McCartney
83%
AudreyTautou, Hepburn, Marnay
80%
RichardWagner, Nixon, Gasquet
67%
AnnaPaquin, Kournikova, de Noailles
39%

Distribution des résultats

Percentile par nombre de réponses

% des personnes avec chaque résultat

Votre développement - résultats

Vous n’avez pas pris ce quiz